Statistics for 100 Biggest Cities in Italy on a Map with appearing dots

Click here to take the quiz!

General Stats

  • This quiz has been taken 230 times
  • The average score is 44 of 100

Answer Stats

Pop City % Correct
2,87 mRome
100%
261 kVenice
99%
966 kNaples
97%
668 kPalermo
97%
1,37 mMilan
97%
883 kTurin
96%
381 kFlorence
96%
580 kGenoa
94%
389 kBologna
90%
257 kVerona
87%
323 kBari
86%
202 kTrieste
85%
90,1 kPisa
82%
154 kCagliari
81%
312 kCatania
75%
210 kPadua
72%
196 kParma
69%
234 kMessina
65%
185 kModena
65%
197 kBrescia
63%
149 kRimini
61%
121 kBergamo
58%
122 kSyracuse
58%
198 kTaranto
56%
101 kAncona
56%
95,4 kLecce
55%
181 kReggio Calabria
54%
99,5 kUdine
54%
166 kPerugia
52%
158 kLivorno
52%
118 kTrento
51%
134 kSalerno
51%
107 kBolzano
50%
159 kRavenna
50%
83,3 kComo
49%
127 kSassari
48%
89,2 kLucca
48%
119 kPescara
47%
93,3 kLa Spezia
46%
87,1 kBrindisi
45%
151 kFoggia
44%
172 kReggio Emilia
44%
124 kMonza
44%
126 kLatina
40%
132 kFerrara
40%
89,7 kCatanzaro
40%
104 kNovara
40%
72,1 kCremona
39%
67,9 kTrapani
39%
69,4 kL'Aquila
38%
103 kPiacenza
38%
85,0 kTreviso
38%
112 kVicenza
38%
80,5 kVarese
37%
193 kPrato
37%
111 kTerni
36%
73,6 kRagusa
35%
76,2 kAsti
35%
67,2 kCosenza
35%
63,9 kCrotone
35%
67,2 kPotenza
34%
72,8 kPavia
34%
90,2 kPistoia
33%
94,0 kAlessandria
33%
99,5 kArezzo
33%
118 kForlì
33%
96,8 kCesena
31%
82,0 kGrosseto
31%
69,0 kMassa
30%
82,8 kMarsala
30%
69,9 kImola
29%
74,9 kGela
29%
95,0 kPesaro
29%
79,6 kFiumicino
29%
75,6 kCaserta
28%
62,5 kCarrara
28%
67,8 kViterbo
27%
99,9 kAndria
26%
62,3 kCaltanissetta
24%
71,1 kCarpi
24%
94,5 kBarletta
24%
70,8 kLamezia Terme
22%
62,1 kViareggio
20%
64,2 kVittoria
19%
61,0 kFano
18%
83,4 kBusto Arsizio
17%
81,8 kSesto San Giovanni
17%
70,5 kAltamura
17%
70,9 kQuartu Sant'Elena
17%
124 kGiugliano in Campania
17%
85,3 kTorre del Greco
15%
74,2 kAprilia
15%
81,1 kPozzuoli
14%
77,1 kCasoria
13%
63,6 kPomezia
12%
63,1 kVigevano
12%
89,3 kGuidonia Montecelio
12%
65,9 kCastellammare di Stabia
11%
64,8 kAfragola
10%
75,7 kCinisello Balsamo
8%

Score Distribution

Percentile by Number Answered

Percent of People with Each Score

Your Score History

You have not taken this quiz